| 000 | 00779cam a2200241 a 4500 | ||
|---|---|---|---|
| 001 | 4889157 | ||
| 005 | 20250128193207.0 | ||
| 008 | 930907s1993 nyu b 001 0 eng | ||
| 020 | _a0801311888 | ||
| 050 | 0 | 0 |
_aKF2750 _b.M53 1994 |
| 082 | 0 | 0 |
_a345.73/0853 _a347.305853 _220 |
| 100 | 1 | _aMiddleton, Kent. | |
| 245 | 1 | 4 |
_aThe law of public communication / _cKent R. Middleton, Bill F. Chamberlin. |
| 250 | _a3rd ed. | ||
| 260 |
_aNew York : _bLongman, _cc1994. |
||
| 300 |
_axiii, 625 p. ; _c24 cm. |
||
| 650 | 0 |
_aPress law _zUnited States. |
|
| 650 | 0 |
_aMass media _xLaw and legislation _zUnited States. |
|
| 650 | 0 |
_aFreedom of the press _zUnited States. |
|
| 650 | 0 |
_aFree press and fair trial _zUnited States. |
|
| 700 | 1 |
_aChamberlin, Bill F., _d1944- |
|
| 942 |
_2lcc _cBK _n0 |
||
| 999 |
_c3177 _d3177 |
||